00515nam a2200133Ia 4500008004100000100003100041245008100072245007700153260005300230260001400283300000800297650001500305856006100320170221s9999 xx 000 0 und d aAbdullah Waleed Almudallal aKnowledge Management in the Palestinian Higher Education: A Research Agenda  cAbdullah Waleed Almudallal, Syaharizatul Noorizwan Muktar, Norhani Bakri bInternational Review of Management and Marketing cJune 2014 a6:1 xMarketing. uhttp://www.econjournals.com/index.php/irmm/issue/view/77